Heegner points and Rankin L-Series

Gespeichert in:
Bibliographische Detailangaben
Hauptverfasser: Darmon, Henri (VerfasserIn), Zhang, Shou-Wu (VerfasserIn)
Format: Buch
Sprache:Englisch
Veröffentlicht: Cambridge Cambridge University 2010
Schriftenreihe:Mathematical Sciences Research Institute Publications, 49
Schlagworte:
Tags: Tag hinzufügen
Keine Tags, Fügen Sie den ersten Tag hinzu!

MARC

LEADER 00000cam a2200000 a 4500
001 UCF8230
003 CL-VaPUC
008 130808e20100000uk |||||||||||||||||eng|d
020 |a 9780521158206 
082 0 4 |a 516.352  |b DAR  |2 21 
100 0 |a Darmon, Henri  |e author  |9 570315 
700 0 |a Zhang, Shou-Wu  |e author  |9 570316 
245 1 0 |a Heegner points and Rankin L-Series 
300 |a 367 p 
942 |c BK 
945 |d 20130808 11:32:00  |a cmena 
260 |a Cambridge  |b Cambridge University  |c 2010 
650 0 |a Curvas  |9 315148 
650 0 |a Funciones (Matemáticas)  |9 338128 
650 7 |a ELIPTICA  |2 CL-VaPUC  |9 570317 
583 |a last modification  |c 20130808 11:32:00  |k Rodrigo Vera 
490 0 |a Mathematical Sciences Research Institute Publications, 49 
999 |c 352852  |d 352850 
952 |0 0  |1 0  |4 0  |6 516_352000000000000_DAR_2010  |7 0  |8 A  |9 457585  |a BIBMAT  |b BIBMAT  |d 2019-11-22  |i 4992970  |o 516.352 DAR 2010  |p 4992970  |r 2025-01-07  |w 2019-11-22  |y BK  |k MAT